00439nam a22001217a 4500008004100000020001500041050002700056100001700083245013700100260002600237300002000263650003400283200120b xxu||||| |||| 00| 0 eng d a1598633306 aMT662.8b.P43 2007 c.1 aPeckman, Jon aPicture Yourself DrummingbStep by step instruction for drum kit setup, reading music, learning from the pros, and morecJon Peckman aBostonbThomsonc2007 axiii, 224p.eCD aDrum vInstruction and study